<?xml version="1.0" encoding="UTF-8"?><?xml-stylesheet type="text/xsl" href="static/style.xsl"?><OAI-PMH xmlns="http://www.openarchives.org/OAI/2.0/" xmlns:xsi="http://www.w3.org/2001/XMLSchema-instance" xsi:schemaLocation="http://www.openarchives.org/OAI/2.0/ http://www.openarchives.org/OAI/2.0/OAI-PMH.xsd"><responseDate>2026-04-17T20:36:53Z</responseDate><request verb="GetRecord" identifier="oai:riubu.ubu.es:10259/6206" metadataPrefix="marc">https://riubu.ubu.es/oai/request</request><GetRecord><record><header><identifier>oai:riubu.ubu.es:10259/6206</identifier><datestamp>2022-11-21T12:51:46Z</datestamp><setSpec>com_10259_5377</setSpec><setSpec>com_10259_5086</setSpec><setSpec>com_10259_2604</setSpec><setSpec>col_10259_5378</setSpec></header><metadata><record xmlns="http://www.loc.gov/MARC21/slim" xmlns:doc="http://www.lyncode.com/xoai" xmlns:xsi="http://www.w3.org/2001/XMLSchema-instance" xmlns:dcterms="http://purl.org/dc/terms/" xsi:schemaLocation="http://www.loc.gov/MARC21/slim http://www.loc.gov/standards/marcxml/schema/MARC21slim.xsd">
<leader>00925njm 22002777a 4500</leader>
<datafield tag="042" ind1=" " ind2=" ">
<subfield code="a">dc</subfield>
</datafield>
<datafield tag="720" ind1=" " ind2=" ">
<subfield code="a">Juez Gil, Mario</subfield>
<subfield code="e">author</subfield>
</datafield>
<datafield tag="720" ind1=" " ind2=" ">
<subfield code="a">Arnaiz González, Álvar</subfield>
<subfield code="e">author</subfield>
</datafield>
<datafield tag="720" ind1=" " ind2=" ">
<subfield code="a">Rodríguez Diez, Juan José</subfield>
<subfield code="e">author</subfield>
</datafield>
<datafield tag="720" ind1=" " ind2=" ">
<subfield code="a">López Nozal, Carlos</subfield>
<subfield code="e">author</subfield>
</datafield>
<datafield tag="720" ind1=" " ind2=" ">
<subfield code="a">García Osorio, César</subfield>
<subfield code="e">author</subfield>
</datafield>
<datafield tag="260" ind1=" " ind2=" ">
<subfield code="c">2021-11</subfield>
</datafield>
<datafield tag="520" ind1=" " ind2=" ">
<subfield code="a">One of the main goals of Big Data research, is to find new data mining methods that are able to process large amounts of data in acceptable times. In Big Data classification, as in traditional classification, class imbalance is a common problem that must be addressed, in the case of Big Data also looking for a solution that can be applied in an acceptable execution time. In this paper we present Approx-SMOTE, a parallel implementation of the SMOTE algorithm for the Apache Spark framework. The key difference with the original SMOTE, besides parallelism, is that it uses an approximated version of k-Nearest Neighbor which makes it highly scalable. Although an implementation of SMOTE for Big Data already exists (SMOTE-BD), it uses an exact Nearest Neighbor search, which does not make it entirely scalable. Approx-SMOTE on the other hand is able to achieve up to 30 times faster run times without sacrificing the improved classification performance offered by the original SMOTE.</subfield>
</datafield>
<datafield tag="024" ind2=" " ind1="8">
<subfield code="a">0925-2312</subfield>
</datafield>
<datafield tag="024" ind2=" " ind1="8">
<subfield code="a">http://hdl.handle.net/10259/6206</subfield>
</datafield>
<datafield tag="024" ind2=" " ind1="8">
<subfield code="a">10.1016/j.neucom.2021.08.086</subfield>
</datafield>
<datafield ind1=" " ind2=" " tag="653">
<subfield code="a">SMOTE</subfield>
</datafield>
<datafield ind1=" " ind2=" " tag="653">
<subfield code="a">Imbalance</subfield>
</datafield>
<datafield ind1=" " ind2=" " tag="653">
<subfield code="a">Spark</subfield>
</datafield>
<datafield ind1=" " ind2=" " tag="653">
<subfield code="a">Big data</subfield>
</datafield>
<datafield ind1=" " ind2=" " tag="653">
<subfield code="a">Data mining</subfield>
</datafield>
<datafield tag="245" ind1="0" ind2="0">
<subfield code="a">Approx-SMOTE: Fast SMOTE for Big Data on Apache Spark</subfield>
</datafield>
</record></metadata></record></GetRecord></OAI-PMH>